| 000 | 01665nam a2200229Ia 4500 | ||
|---|---|---|---|
| 003 | Ost | ||
| 005 | 20260507075753.0 | ||
| 008 | 260507s9999||||xx |||||||||||||| ||und|| | ||
| 020 | _a9789931140801 | ||
| 040 | _cfsecg | ||
| 041 | _aara | ||
| 082 | _a657.46 | ||
| 100 |
_aمروش، يوسف _eمؤلف |
||
| 245 | 0 |
_aالمحاسبة المالية 1 : _bدروس و أمثلة و تمارين محلولة / _c يوسف مروش |
|
| 260 |
_aالجزائر: _bدارالأجيال الرقمي, _c2023 |
||
| 300 |
_a298 صفحة؛ _bإيضاحات ؛ _c24 سم |
||
| 504 | _aمراجع ص.294-295 | ||
| 520 | _aالمحاسبة هي لغة الأعمال، فهي نظام لتسجيل وتلخيص وتحليل المعاملات المالية للمؤسسة. تساعد المحاسبة في اتخاذ القرارات وتقييم الأداء المالي وإعداد التقارير المالية لأصحاب المصلحة، الأصول: موارد اقتصادية تملكها المؤسسة مثل النقد والحسابات المدينة والمخزون والممتلكات. الخصوم، التزامات مالية على المؤسسة مثل القروض والحسابات الدائنة.،حقوق الملكية: حصة المالكين في أصول المؤسسة بعد خصم الخصوم.الإيرادات: تدفقات نقدية ناتجة عن بيع المنتجات أو الخدمات.، المصروفات هي تكاليف استخدام الموارد لتحقيق الإيرادات | ||
| 653 | _aالمحاسبة التحليلية | ||
| 653 | _aالميزانية العمومية | ||
| 942 | _cكتاب | ||
| 999 |
_c46235 _d46235 |
||